000 00701nam a2200289Ia 4500
005 20260324140052.0
008 008 260324s9999 xx 000 0 eng d
020 _a9781315045351
037 _aEBOOK
040 _aCRL
040 _beng
040 _cCRL
041 _2eng
041 _aeng
084 _qCRL
100 _aStanley J. Vitello; Dennis E. Mithaug
_91203010
245 0 _aInclusive Schooling
245 0 _bNational and International Perspectives
260 _bTaylor and Francis
260 _c1999
365 _a
365 _b230
856 _uhttp://www.taylorfrancis.com/books/9781315045351
942 _cEBOOK
999 _c1804677
_d1804677